Guía del Archivo General /
Descripción Física:
30 folis : il·lustracions en color ; 29 cm
MARC
| LEADER | 00000nam a2200000Ia 4500 | ||
|---|---|---|---|
| 001 | 17946 | ||
| 008 | 160829s2004 xx 000 0 cat d | ||
| 080 | |a FU-52-15 | ||
| 100 | |a Rodón i Valls, Ma Assumpta |9 44867 |e autor | ||
| 245 | |a Guía del Archivo General / |c Mª Assumpta Rodón i Valls | ||
| 260 | |a Barcelona : |b l'autor, |c septiembre de 2004 | ||
| 300 | |a 30 folis : |b il·lustracions en color ; |c 29 cm | ||
| 610 | 2 | 0 | |a Arxiu General de la Diputació de Barcelona |v Guies |9 54352 |
| 710 | 1 | |a Barcelona (Catalunya : Província). |b Diputació |9 52408 | |
| 901 | |a Arxiu | ||
| 942 | |n 1 |2 udc |c ARXIU | ||
| 952 | |0 0 |1 0 |4 0 |6 FU5215 |7 1 |9 48951 |a Arxiu |b Arxiu |d 2016-12-01 |l 0 |o FU-52-15 |p 17946 |r 2016-12-01 00:00:00 |w 2016-12-01 |y ARXIU | ||
| 952 | |0 0 |1 0 |4 0 |6 PDL |7 1 |9 63719 |a Arxiu |b Arxiu |d 2022-09-02 |l 0 |o PDL |p 26641 |r 2022-09-02 00:00:00 |w 2022-09-02 |y ARXIU | ||
| 999 | |c 52786 |d 52786 | ||